000 00559cab a2200193 4500
001 X2327
008 090401t1995 xxu||||| |||| 00| 0 eng d
035 _a(Sirsi) u23399
041 _aeng
245 _aPI insurance : leaflet published
260 _c1995
350 _a0
490 _aCSM (Chartered Surveyor Monthly)
_v4(7) May 1995, 15(1)
650 _aRICS PROFESSIONAL INDEMNITY INSURANCE RULES
650 _aPROFESSIONAL INDEMNITY INSURANCE
690 _aMANAGEMENT-BUSINESS MANAGEMENT-PROFESSIONAL PRACTICE
942 _n0
948 _c04/03/1997
999 _c15641
_d15641